| 000 | 00861cam a2200241 a 4500 | ||
|---|---|---|---|
| 001 | 000013903 | ||
| 005 | 20200929163407.0 | ||
| 008 | 750910s1963 onc 000 0 eng | ||
| 040 |
_aDO-SdBNP _beng _cLC _dBNPHU |
||
| 082 |
_a340.7 _bC456L |
||
| 245 | 0 | 0 |
_aChanging legal objectives : _bessays / _cJ.A. Corry ... [et al.] ; edición R. St. J. Macdonald. |
| 260 |
_a[Toronto] : _bUniversity of Toronto Press, _c1963. |
||
| 300 |
_a85 p. ; _c23 cm. |
||
| 650 | 4 |
_aDerecho _xEstudio y enseñanza _zCanada. _931500 |
|
| 650 | 4 |
_aDerecho público _zCanada. _931501 |
|
| 700 | 1 |
_aMacdonald, Ronald St. J., _d1928- _eed. _931502 |
|
| 700 | 1 |
_aCorry, J. A. _q(James Alexander), _d1899- _931503 |
|
| 700 | 1 |
_aDevlin, Lord _931504 |
|
| 700 | 1 |
_aMcruer, J. C. _931505 |
|
| 700 | 1 |
_aWright, C. A. _931506 |
|
| 910 | _aCatalogación por copia / LC | ||
| 999 |
_a1 _n0000043 _c13508 _d13508 |
||
| 049 | _aBNGR | ||